[Event "ARG-ch Seniors 65"]
[Site "Buenos Aires"]
[Date "2021.12.10"]
[Round "4"]
[White "Contreras, Ruben"]
[Black "Huberman, Alejandro"]
[Result "1-0"]
[WhiteElo "1785"]
[BlackElo "1606"]
[PlyCount "73"]
[EventDate "2021.12.08"]
[EventType "swiss"]
[EventRounds "7"]
[EventCountry "ARG"]
[SourceTitle "CBM 205 Extra"]
[Source "ChessBase"]
[SourceDate "2022.01.31"]
[SourceVersion "1"]
[SourceVersionDate "2022.01.31"]
[SourceQuality "1"]

1. e4 g6 2. Nf3 Bg7 3. Bc4 d6 4. d4 e6 5. 0-0 Ne7 6. Nc3 Nd7 7. Be3 a6 8. Qd2 b5 9. Bb3 Bb7 10. a3 Nb6 11. Qd3 d5 12. e5 Nc4 13. Bxc4 dxc4 14. Qe2 0-0 15. Rad1 h6 16. Nb1 Nf5 17. c3 Qe7 18. Bc1 Rfd8 19. g4 Nh4 20. Nxh4 Qxh4 21. f3 Kh7 22. Qf2 Qe7 23. Nd2 f5 24. h3 Rf8 25. Kg2 h5 26. gxh5 gxh5 27. Kh2 Bh6 28. Rg1 Rg8 29. Nb1 Bxc1 30. Rxc1 Qf7 31. Nd2 Rxg1 32. Rxg1 Rg8 33. Rxg8 Qxg8 34. Qh4 Kh6 35. Qf6+ Qg6 36. Qe7 Qg5 37. Qxe6+ 1-0

[Event "ARG-ch Seniors 65"]
[Site "Buenos Aires"]
[Date "2021.12.08"]
[Round "1"]
[White "Huberman, Alejandro"]
[Black "Calderon, Luis"]
[Result "0-1"]
[WhiteElo "1606"]
[BlackElo "1976"]
[PlyCount "49"]
[EventDate "2021.12.08"]
[EventType "swiss"]
[EventRounds "7"]
[EventCountry "ARG"]
[SourceTitle "CBM 205 Extra"]
[Source "ChessBase"]
[SourceDate "2022.01.31"]
[SourceVersion "1"]
[SourceVersionDate "2022.01.31"]
[SourceQuality "1"]

1. Nf3 d5 2. c4 dxc4 3. Na3 Nf6 4. Nxc4 g6 5. g3 Bg7 6. Bg2 0-0 7. 0-0 c6 8. d4 Be6 9. b3 Bd5 10. Bb2 Nbd7 11. Nce5 Nxe5 12. Nxe5 Bxg2 13. Kxg2 Qd5+ 14. f3 Rad8 15. e4 Qe6 16. Rc1 Nxe4 17. Nxf7 Rxf7 18. Re1 Qd6 19. Rxe4 e5 20. Rc2 exd4 21. Qd3 c5 22. a4 a5 23. Rce2 Qd5 24. Qc4 Qxc4 25. bxc4 0-1